Joueur sur les covers NBA2K - Statistiques

Statistiques générales
  • Ce quiz a été pris 1 164 fois
  • Le résultat moyen est 17 sur 28
Statistiques - réponses
Hint Réponse % Correct
NBA2K14 LeBron James
98%
NBA2K10 Kobe Bryant
92%
NBA2K11 Michael Jordan
86%
NBA2K12(1/3) Michael Jordan
85%
NBA2K20 Anthony Davis
83%
NBA2K13(2/3) Kevin Durant
80%
NBA2K15 Kevin Durant
80%
NBA2K22 Luka Doncic
77%
NBA2K Allen Iverson
69%
NBA2K1 Allen Iverson
69%
NBA2K2 Allen Iverson
69%
NBA2K3 Allen Iverson
69%
NBA2K4 Allen Iverson
69%
NBA2K19 Giannis Antetokounmpo
69%
NBA2K18 Kyrie Irving
64%
NBA2K21(Old gen) Damian Lillard
57%
NBA2K16 Tony Parker
55%
NBA2K17 Paul George
53%
NBA2K9 Kevin Garnett
48%
NBA2K21(Next gen) Zion Williamson
45%
NBA2K13(3/3) Derrick Rose
41%
NBA2K8 Chris Paul
39%
NBA2K12(3/3) Larry Bird
33%
NBA2K12(2/3) Magic Johnson
33%
NBA2K6 Shaquille O'Neal
31%
NBA2K7 Shaquille O'Neal
31%
NBA2K13(1/3) Blake Griffin
26%
NBA2K5 Ben Wallace
15%
Aucun quiz correspondant
Distribution des résultats
% des personnes avec chaque résultat
Percentile par nombre de réponses
Votre historique - résultats
Vous n’avez pas pris ce quiz